| 000 | 01380cam a22003497a 4500 | ||
|---|---|---|---|
| 003 | CHAP | ||
| 005 | 20220329142105.0 | ||
| 008 | 990614s1995 mx r 00010 spa d | ||
| 010 | _a78243 | ||
| 011 | _a79215 | ||
| 035 | _a89385 | ||
| 040 | _cCHAP | ||
| 082 | 0 | 4 |
_a323.354 _bA7 |
| 100 | 0 | 0 |
_aArévalo Vizcaino, Venus Primavera. _97325 |
| 245 | 1 | 0 |
_aAnálisis de género en la investigación y transferencia de tecnologías mejoradas en los sistemas de producción agrícola : _bzona occidente de la provincia de Pichincha _c/por Venus Arévalo Vizcaíno |
| 260 |
_aQuito, Ecuador, ; _bCORPO-INIAP, _c1995. |
||
| 300 |
_a[c.a. 120 p.] : _bgráfs. ; cuadros |
||
| 590 |
_aBATCH-UPD _b10 _c20130110 _lUCH01 _h0628 |
||
| 590 |
_aBATCH-UPD _b10 _c20130410 _lUCH01 _h0311 |
||
| 590 |
_aBATCH-UPD _b10 _c20130914 _lUCH01 _h0057 |
||
| 590 |
_aBATCH-UPD _b10 _c20130914 _lUCH01 _h1833 |
||
| 590 |
_aCONVERSION _b10 _c20130109 _lUCH01 _h1343 |
||
| 650 | 0 | 4 |
_aAgricultura _xInnovaciones tecnológicas. _91565 |
| 650 | 0 | 4 |
_aAgricultura _xTransferencia de tecnología. _91885 |
| 650 | 0 | 4 |
_aEnfoque de género. _936945 |
| 650 | 0 | 4 |
_aMujer en comunidades rurales. _979360 |
| 901 | _aBK | ||
| 905 | _aMayto Villalobos S. | ||
| 942 | _cLIBRO | ||
| 949 |
_a323.354 A7 _bBC _cLIBRO _d33724000725669 _eLIBRO _h95559 _i89385 _sb |
||
| 949 |
_a323.354 A7 _bBC _cLIBRO _d33724000753976 _eLIBRO _fc.2 _h97040 _i89385 _si |
||
| 999 |
_c78243 _d78243 |
||